|
|
|
|
| LEADER |
00000nab a2200000 ar4500 |
| 001 |
vtls009008553 |
| 003 |
SK-MaSNL |
| 005 |
20260303065523.0 |
| 008 |
070722c2007 xo er|p|||||||000 b|slo |
| 038 |
|
|
|a PPPK
|
| 040 |
|
|
|a PPPKCL
|b slo
|c PPPKCL
|e AACR2
|
| 041 |
0 |
|
|a slo
|
| 044 |
|
|
|a xo
|c SK
|
| 080 |
|
|
|a 352
|x (437.6)
|2 1997
|
| 080 |
|
|
|a 35.073.5
|2 1997
|
| 100 |
1 |
|
|a Petránová, Martina,
|d 1979-
|4 aut
|9 243806
|
| 245 |
1 |
0 |
|a Kvôli Štrbskému Plesu zasadali poslanci, s jeho obyvateľmi sa stretol primátor Mokoš i starosta Sýkora
|c Martina Petránová
|
| 300 |
|
|
|b Fotogr.
|
| 600 |
1 |
7 |
|a Mokoš, Ján,
|d 1949-
|2 pppkcl
|9 109615
|
| 600 |
1 |
7 |
|a Sýkora, Michal,
|d 1953-
|2 pppkcl
|9 105790
|
| 610 |
1 |
7 |
|a Vysoké Tatry (Slovensko).
|b Mestské zastupiteľstvo
|2 pppkcl
|9 97475
|
| 648 |
|
7 |
|a 2007
|2 pppkcl
|9 313226
|
| 650 |
0 |
7 |
|a katastrálne územia
|2 pppkcl
|9 1050010
|
| 651 |
|
7 |
|a Štrbské Pleso (Štrba, Slovensko)
|2 pppkcl
|9 174790
|
| 773 |
0 |
|
|t Tatranský dvojtýždenník
|g Roč. XVIII, č. 11 (2007), s. 2
|
| 852 |
|
|
|a PPPK
|b KIS3GCP
|
| 856 |
|
|
|u www.vysoketatry.sk
|
| 999 |
|
|
|c 1751526
|d 1753456
|